Statistics for Top 15 Countries with Covid-19 Cases - 1 January 2021

Click here to take the quiz!

General Stats

  • This quiz has been taken 13 times
  • The average score is 18 of 29

Answer Stats

country% Correct
France
100%
India
100%
United States
100%
Germany
92%
Italy
92%
Spain
92%
United Kingdom
92%
Brazil
85%
Russia
85%
Iran
69%
Mexico
69%
Sweden
69%
Argentina
62%
Belgium
62%
Netherlands
62%
Poland
62%
Turkey
62%
Colombia
54%
Croatia
54%
Switzerland
54%
Czechia
38%
Qatar
38%
Armenia
31%
Georgia
31%
Israel
31%
Panama
31%
Slovenia
31%
Bahrain
23%
Lithuania
15%

Score Distribution

Percentile by Number Answered

Percent of People with Each Score

Your Score History

You have not taken this quiz